Правовые и организационные основы усыновления и создания замещающей семьи в городе Москве (Запись № 1264010)
[ простой вид ]
| 000 -МАРКЕР | |
|---|---|
| контрольное поле | 01503nam0a2200325 4500 |
| 001 - ИДЕНТИФИКАТОР ЗАПИСИ | |
| контрольное поле | RU\NLR\bibl\1717289 |
| 005 - ИДЕНТИФИКАТОР ВЕРСИИ | |
| контрольное поле | 20260408025717.0 |
| 010 ## - МЕЖДУНАРОДНЫЙ СТАНДАРТНЫЙ НОМЕР КНИГИ (ISBN) | |
| Номер (ISBN) | 978-5-98422-114-6 |
| Тираж | 300 |
| 021 ## - НОМЕР ГОСУДАРСТВЕННОЙ РЕГИСТРАЦИИ | |
| Код страны | Российская Федерация |
| Номер | 2010-92307 |
| Номер Листа государственной регистраци | 6212 |
| 035 ## - ДРУГИЕ СИСТЕМНЫЕ НОМЕРА | |
| Идентификатор записи | (nilc)RSL-KNO-004834040 |
| 035 ## - ДРУГИЕ СИСТЕМНЫЕ НОМЕРА | |
| Идентификатор записи | (NLR Aleph) 001708302 |
| 100 ## - ДАННЫЕ ОБЩЕЙ ОБРАБОТКИ | |
| Данные общей обработки | 20101129d2010 |||y0rusy50 ca |
| 101 0# - ЯЗЫК РЕСУРСА | |
| Язык текста, звукозаписи и т.д. | русский |
| 102 ## - СТРАНА ПУБЛИКАЦИИ ИЛИ ПРОИЗВОДСТВА | |
| Страна публикации | Российская Федерация |
| 105 ## - ПОЛЕ КОДИРОВАННЫХ ДАННЫХ: ТЕКСТОВЫЕ МАТЕРИАЛЫ, МОНОГРАФИЧЕСКИЕ | |
| Кодированные данные о монографическом текстовом документе | a ||||||||| |
| 200 1# - ЗАГЛАВИЕ И СВЕДЕНИЯ ОБ ОТВЕТСТВЕННОСТИ | |
| Основное заглавие | Правовые и организационные основы усыновления и создания замещающей семьи в городе Москве |
| Первые сведения об ответственности | [Правительство Москвы], Деп. семейной и молодежной политики города Москвы, ООО "Проф. проект" |
| 210 ## - ПУБЛИКАЦИЯ, РАСПРОСТРАНЕНИЕ И ДР. | |
| Место издания, распространения и т.д. | Москва |
| Имя издателя, распространителя и т. д. | Profi Prodject |
| Дата издания, распространения и т.д. | 2010 |
| 215 ## - ФИЗИЧЕСКАЯ ХАРАКТЕРИСТИКА | |
| Специфическое обозначение материала и объем | 165 с. |
| Другие сведения о физической характеристике | ил., табл. |
| Размеры | 29 |
| 320 ## - ПРИМЕЧАНИЯ О НАЛИЧИИ В ДОКУМЕНТЕ БИБЛИОГРАФИИ / УКАЗАТЕЛЯ | |
| Текст примечания | Библиогр. в подстроч. примеч. |
| 606 1# - НАИМЕНОВАНИЕ ТЕМЫ КАК ПРЕДМЕТ | |
| Наименование темы | Усыновление |
| Тематический подзаголовок | Правовые вопросы |
| Географический подзаголовок | Российская Федерация |
| Системный номер авторитетной/нормативной записи | 2078851 |
| Идентификатор авторитетной/нормативной записи | RU\NLR\auth\661254717 |
| 686 ## - ИНДЕКСЫ ДРУГИХ КЛАССИФИКАЦИЙ | |
| Индекс | Х624.7,07 |
| Код системы | |
| 686 ## - ИНДЕКСЫ ДРУГИХ КЛАССИФИКАЦИЙ | |
| Индекс | Х624.5 |
| 712 02 - НАИМЕНОВАНИЕ ОРГАНИЗАЦИИ - ВТОРИЧНАЯ ОТВЕТСТВЕННОСТЬ | |
| Код отношения | Прочие |
| Начальный элемент ввода | "Профессиональный проект", общество с ограниченной ответственностью |
| Идентифицирующий признак | Москва |
| Идентификатор авторитетной/нормативной записи | RU\NLR\AUTH\8810186961 |
| Системный номер авторитетной/нормативной записи | 867859 |
| 801 #0 - ИСТОЧНИК ЗАПИСИ | |
| Страна | Российская Федерация |
| Организация | RuMoRKP |
| Дата составления | 20101129 |
| Правила каталогизации | rcr |
| 801 #1 - ИСТОЧНИК ЗАПИСИ | |
| Страна | Российская Федерация |
| Организация | RuMoRGB |
| Дата составления | 20101129 |
| 801 #2 - ИСТОЧНИК ЗАПИСИ | |
| Страна | Российская Федерация |
| Организация | NLR |
| Дата составления | 20101221 |
| Правила каталогизации | rcr |
| 942 ## - ДОПОЛНИТЕЛЬНЫЕ ЭЛЕМЕНТЫ ЗАПИСИ (АБИС) | |
| Тип экземпляра АБИС | Книга |
| 980 ## - КОЛЛЕКЦИЯ | |
| Название коллекции | Национальная библиография |
| Тип экземпляра | Дата поступления | Источник поступления | Библиотека постоянного хранения | Библиотека текущего хранения | Место хранения | Шифр хранения | Штрих-код | Статус экземпляра |
|---|---|---|---|---|---|---|---|---|
| Книга | 21.12.2010 | Обязательный экземпляр | РНБ (Московский) | РНБ (Московский) | Русский книжный фонд: издания с 1957 года | 2010-8/3958 | 3323219 | |
| Книга | 21.12.2010 | Обязательный экземпляр | РНБ (Московский) | РНБ (Московский) | Русский книжный фонд: издания с 1957 года | 2010-8/3958 | 3323220 |